| 000 | 01024cab a22002055a 4500 | ||
|---|---|---|---|
| 001 | L147193 | ||
| 008 | 090408s2009 xxk f s 000 0 eng d | ||
| 035 | _a(Sirsi) u147193 | ||
| 041 | 0 | _aeng | |
| 100 | 1 | _aStephenson, Alex | |
| 245 | 0 | 0 | _aFoods, suds and water policy |
| 260 | _c2009 | ||
| 490 | 0 |
_aBuilding Engineer _v84(4) April 2009, 24-25(2) |
|
| 520 | _aRecent evidence has shown that two thirds of floods in UK were the result of surface water flooding. This year, the government is expected to table a new Water and Floods Bill, based on DEFRA's long-term policy documents "Future Water Strategy for England" and "Making Space for Water", as well as Sir Michael Pitt's independent review of the floods and their causes (see L144150). The article details the proposals and recommendations of the reviews and the proposed Bill. | ||
| 590 | _aKA | ||
| 650 | 2 | 4 | _aPITT REVIEW |
| 651 | 4 |
_aEngland and Wales _y1543- |
|
| 690 | _aENVIRONMENTAL AND LAND CONSULTANCY-WATER RESOURCE MANAGEMENT-FLOODING | ||
| 942 | _n0 | ||
| 999 |
_c81423 _d81423 |
||